Project management in public sector construction projects (Record no. 71893)

MARC details
000 -LEADER
fixed length control field 01336cam a2200265 4500
001 - CONTROL NUMBER
control field ABS66284
008 - FIXED-LENGTH DATA ELEMENTS--GENERAL INFORMATION
fixed length control field 030107n2002 000 0 eng u
035 ## - SYSTEM CONTROL NUMBER
System control number (Sirsi) u120942
100 ## - MAIN ENTRY--PERSONAL NAME
Personal name Adams, J. D.
245 ## - TITLE STATEMENT
Title Project management in public sector construction projects
260 ## - PUBLICATION, DISTRIBUTION, ETC.
Date of publication, distribution, etc. 2002
490 ## - SERIES STATEMENT
Series statement Journal of Construction Procurement
Volume/sequential designation 8(2) November 2002, 84-100(17)
520 ## - SUMMARY, ETC.
Summary, etc. UK clients are often sceptical about the value added to a capital building project by the use of external consultant project managers. Objective quantification of the precise influence that the consultant project manager has on the performance variables of time, cost and quality has become crucial given the increase in the use of project management. Presents a causal path model developed to deliver such a quantification and provides a fully analysed provisional data set. Discusses the implications for the project management discipline. Tables and references [Taken from journal abstract].
590 ## - LOCAL NOTE (RLIN)
Local note ABS
650 ## - SUBJECT ADDED ENTRY--TOPICAL TERM
Topical term or geographic name entry element CASUAL PATH MODEL
650 ## - SUBJECT ADDED ENTRY--TOPICAL TERM
Topical term or geographic name entry element CONSULTANTS
650 ## - SUBJECT ADDED ENTRY--TOPICAL TERM
Topical term or geographic name entry element PERFORMANCE MEASUREMENT
650 ## - SUBJECT ADDED ENTRY--TOPICAL TERM
Topical term or geographic name entry element PROJECT MANAGERS
650 ## - SUBJECT ADDED ENTRY--TOPICAL TERM
Topical term or geographic name entry element TRANSACTION COSTS
650 ## - SUBJECT ADDED ENTRY--TOPICAL TERM
Topical term or geographic name entry element STANDARD FORMS OF APPOINTMENT
650 ## - SUBJECT ADDED ENTRY--TOPICAL TERM
Topical term or geographic name entry element BUILDING PROJECTS
690 ## - LOCAL SUBJECT ADDED ENTRY--TOPICAL TERM (OCLC, RLIN)
Topical term or geographic name as entry element Project management
9 (RLIN) 6261
700 ## - ADDED ENTRY--PERSONAL NAME
Personal name Brown, A.W.
942 ## - ADDED ENTRY ELEMENTS (KOHA)
Suppress in OPAC 0
Holdings
Withdrawn status Lost status Source of classification or shelving scheme Damaged status Not for loan Home library Current library Shelving location Date acquired Total Checkouts Full call number Barcode Date last seen Copy number Price effective from Koha item type
    Dewey Decimal Classification     London London Journal article 07/01/2003   ABS66284 120942-1001 06/08/2019 1 06/08/2019 Journal article